[Event "EU-chT (Men) 14th"]
[Site "Plovdiv"]
[Date "2003.10.20"]
[Round "9.2"]
[White "Jobava, Baadur"]
[Black "Krasenkow, Michal"]
[Result "0-1"]
[WhiteElo "2605"]
[BlackElo "2597"]
[Annotator "Krasenkow,M"]
[PlyCount "93"]
[EventDate "2003.10.10"]
[EventType "team-swiss"]
[EventRounds "9"]
[EventCountry "BUL"]
[SourceTitle "CBM 098"]
[Source "ChessBase"]
[SourceDate "2004.02.03"]
[SourceVersion "1"]
[SourceVersionDate "2004.02.03"]
[SourceQuality "1"]
[WhiteTeam "Georgia"]
[BlackTeam "Poland"]
[WhiteTeamCountry "GEO"]
[BlackTeamCountry "POL"]

1. d4 Nf6 2. c4 g6 3. Nc3 d5 4. Bg5 Ne4 5. Bh4 c5 6. cxd5 Nxc3 7. bxc3 Qxd5 8.
e3 cxd4 9. Qxd4 Qxd4 10. cxd4 e6 11. Nf3 $5 {A rare move allowing check to b4.}
(11. Rb1 {is the main line}) 11... Bb4+ (11... Be7 {is quite possible:} 12. Bg3
(12. Bb5+ Bd7 13. Bxd7+ Nxd7 14. Bxe7 Kxe7 15. Kd2 Rhc8 16. Rhc1 {1/2-1/2
Pytel,K-Schmidt,W/Lodz 1980/MCL (16)}) 12... Nc6 13. Bd3 O-O 14. O-O b6 (14...
a6 15. a4 Bd7 16. Rfb1 Ra7 17. Rb2 Rc8 18. h3 Na5 19. Ne5 $14 {0-1 Tichy,
V-Novak,I/Marianske Lazne 1978/MCD (62)}) 15. Be4 (15. h4 Nb4 16. Bc4 Bb7 17.
Ne5 Rfc8 18. Rfc1 Nc6 19. Nxc6 Rxc6 20. Bb5 Rxc1+ 21. Rxc1 Rc8 $11 {0-1
Kozlovskaya,V-Litinskaya,M/Menorca 1973/EXT 2001 (42)}) 15... Bb7 16. Rfc1 Rac8
17. d5 exd5 18. Bxd5 Na5 19. Bxb7 Nxb7 20. Nd4 Bf6 21. Rab1 Rxc1+ 22. Rxc1 Nc5
$11 {1/2-1/2 Tichy,V-Heinig,W/Leipzig 1978/EXT 99 (41)}) 12. Nd2 O-O $6 $146 {
Black aims to complications, which is not a good idea.} (12... Nc6 $142 13. Rb1
Be7 14. Bg3 O-O 15. Be2 b6 16. Bf3 Bb7 17. Nc4 Rac8 18. Nd6 Bxd6 19. Bxd6 Rfd8
20. Bg3 Na5 $11 {1-0 Tichy,V-Jansa,V/Marianske Lazne 1978/MCD (44)}) 13. Rb1 a5
(13... Ba5 14. Kd1 $5 {/\15.Ne4}) 14. Bd3 e5 $5 15. d5 $1 (15. dxe5 $143 Be6
$36 {xKe1}) 15... Nd7 16. Ke2 Nc5 $6 {This leads to material losses but
Black's position is already compromised.} (16... f5 $142 17. Bc4 $14 Nb6 $140
18. a3 $1) 17. Be7 Na4 $8 {[%mdl 512]} 18. Bxf8 Nc3+ 19. Kf3 Kxf8 {White must
now play accurately as his king is not safe.} 20. Nc4 $6 (20. Rb2 $142 Nxd5 21.
Nc4 $14) (20. Rbc1 $5) {[#]} 20... e4+ $1 {Black should play extremely
energetically. Regaining the exchange is out of question:} (20... Nxb1 $2 21.
Rxb1 $16 {[%csl Rb7,Gd5,Re5][%cal Rc4b6]}) 21. Bxe4 Ra6 22. Bd3 $8 Rf6+ 23. Kg3
Bf5 $1 24. Bxf5 (24. Ne5 Bd6 25. f4 Bxe5 26. Bxf5 (26. fxe5 $2 Bxd3 27. exf6
Bxb1 $17) 26... Rxf5 27. fxe5 Ne4+ $11) 24... Rxf5 25. f4 $1 {White continues
fighting for the initiative, not satisfied with a draw after} (25. f3 Nxb1 26.
Rxb1 (26. e4 $2 Nd2 $1 27. Nxd2 Rg5+) 26... Rxd5 27. a3 b5 28. axb4 bxc4 $11)
25... Rxd5 26. Rb2 (26. a3 $5 {deserved attention. After all complications a
theoretically drawn rook endgame with 4P vs 3P on the same side should arise:}
Nxb1 (26... b5 27. Nb6) 27. Rxb1 b5 $1 28. Nb6 Rd6 29. axb4 (29. Nc8 Rd8) 29...
Rxb6 30. bxa5 Rb8 31. Kf3 (31. Rb4 $6 Ke7 $132 {[%cal Ye7c5]}) 31... b4 $14 {
[%cal Yb8a8]}) 26... b5 27. Ne5 Bd6 {Black continues bothering the white king.}
(27... Ne4+ $5 28. Kf3 f5 29. Rc2 Bc3 $44 {[%csl Gc3,Ge4] was another option.})
28. Ng4 (28. Nc6 $5) 28... g5 $1 29. Nf2 (29. Nf6 $5 gxf4+ 30. exf4 Rf5 31.
Nd7+ Ke7 32. Ne5 Bxe5 33. fxe5 Rxe5 $44) 29... gxf4+ (29... f5 $5) 30. exf4 Rd4
31. Nh3 {[%csl Rh3]} f5 (31... b4 $5 {[%cal Ya5a4]}) 32. Rc2 {After this move
Black sends the white king to a risky journey.} (32. Re1 $5 b4 $5) 32... Rd3+
33. Kh4 Be7+ 34. Kh5 {With a draw offer. However, the situation in the match
required playing for a win from Black. Besides, the position was quite
interesting!} Kg7 {[%csl Rh5]} 35. Re1 Nd5 {[%cal Rd3h3]} 36. Rxe7+ {A radical
decision.} (36. g3 h6 $1 {[%cal Rd5f6]} 37. Rc7 $5 (37. Re6 Nf6+ 38. Rxf6 Kxf6
39. Kxh6 b4 $44) 37... Kf7 38. Rb7 Rd2 39. Re5 Nf6+ 40. Kh4 Nd7+ 41. Rxe7+ Kxe7
42. Rxb5 Rxa2 43. Rxf5 Nf6 $44 {[%csl Ga5,Rh3]}) 36... Nxe7 $11 37. Rc5 {
White starts playing inaccurately.} (37. Rc7 {was the simplest way to reach
the draw:} Kf8 (37... Re3 38. Ng5 b4 39. Ra7 $11) 38. Ra7 $11) 37... Rd2 (37...
Rd5 38. Rc7 Kf6 39. Ng5 $11) 38. Rxb5 Rxg2 39. Rxa5 (39. Rb7 $5 Kf8 40. Rb8+
Kf7 41. Ng5+ Kg7 42. h4 Rxa2 43. Ra8 $11 {[%cal Ya8a7]}) 39... Rxh2 40. Kh4 $6
{"Eternal time pressure" starts bringing its poisoned fruits.} ({After} 40. Ra3
{Black couldn't improve his position:} h6 (40... Rg2 41. Ra7 $11) 41. Kh4 Rg2
42. Ra7 Kg6 43. Ra6+ Kf7 44. Kh5 Rg3 45. Kh4 Rg4+ (45... Re3 46. Rxh6) 46. Kh5
$11) 40... Rg2 $1 {[%cal Rg7h6]} 41. Kh5 $2 {The decisive error.} (41. Ra7 $2 {
didn't work in view of} Kh6 $1 $19) ({However,} 41. Ra6 $1 {enabled White to
hold his ground:} Ng6+ (41... h6 42. Ra7 {as the h6 square is occupied!}) 42.
Kh5 Rh2 43. Ra7+ Kf6 44. Ra6+ Kf7 45. Ra7+ Ke6 46. Ra6+ Kd5 47. Ra5+ Kc4 48.
Rxf5 Rxh3+ 49. Kg5 $15 {and White shouldn't lose.}) 41... Rg3 $1 $19 {White is
now helpless.} 42. Nf2 (42. Ng5 h6 43. Ra7 hxg5 44. Rxe7+ Kf6 $19) (42. Kh4 Re3
$1 $19 {[%cal Rg7h6,Re7g6]}) 42... Rf3 43. Re5 Rxf2 44. Kh4 (44. Rxe7+ Kf6 $19)
44... Rxf4+ 45. Kg3 Rg4+ 46. Kf3 Kf6 47. Ra5 0-1

[Event "EU-chT (Men) 20th"]
[Site "Reykjavik"]
[Date "2015.11.19"]
[Round "6.1"]
[White "Mamedyarov, Shakhriyar"]
[Black "Giri, Anish"]
[Result "1/2-1/2"]
[WhiteElo "2743"]
[BlackElo "2778"]
[Annotator "Krasenkow,M"]
[PlyCount "90"]
[EventDate "2015.11.13"]
[EventType "team-swiss"]
[EventRounds "9"]
[EventCountry "ISL"]
[SourceTitle "CBM 170"]
[Source "ChessBase"]
[SourceDate "2016.01.15"]
[SourceVersion "1"]
[SourceVersionDate "2016.01.15"]
[SourceQuality "1"]
[WhiteTeam "Azerbaijan"]
[BlackTeam "Netherlands"]
[WhiteTeamCountry "AZE"]
[BlackTeamCountry "NED"]

1. d4 Nf6 2. c4 g6 3. Nc3 d5 4. Bg5 Bg7 5. Bxf6 Bxf6 6. cxd5 c5 7. dxc5 Nd7 8.
e3 O-O 9. Nf3 (9. Bc4 {was examined by GM Mihail Marin in his annotation to
the game Tomashevsky-Dominguez (see CBM 167).}) 9... Nxc5 10. Nd4 $1 {The
correct continuation preventing ...Bc8-f5, which gives Black an excellent
position in other cases:} (10. Rc1 Qb6 11. Qd2 Bf5 12. Bc4 Ne4 13. Nxe4 Bxe4
14. Bb3 Rfd8 15. O-O e6 $11 {1-0 (98) Mamedyarov,S (2736)-Vidit,S (2651)
Berlin 2015}) (10. Be2 Qb6 11. Qd2 Bf5 (11... Rd8 {0-1 (50) Moiseenko,A (2711)
-Cheparinov,I (2678) Khanty-Mansiysk 2013} 12. Nd4 $1 $14) 12. Nd4 (12. Rc1
Rfd8 13. b3 Rac8 14. Nd4 Ne4 15. Nxe4 Rxc1+ 16. Qxc1 Bxe4 $17 {0-1 (28)
Deutsch,E (2351)-Popilski,G (2518) Israel 2013}) (12. O-O Ne4 13. Nxe4 Bxe4 14.
Bc4 Bxb2 15. Rad1 Bf6 $15 {0-1 (35) Al Sayed,M (2520)-Borisek,J (2565) Berlin
2015}) 12... Ne4 13. Nxe4 Bxe4 14. Bf3 Bxf3 15. Nxf3 Bxb2 16. Rd1 Rac8 17. O-O
Bc3 18. Qd3 Qa5 $15 {0-1 (35) Michalik,P (2508)-Van Kampen,R (2570) Groningen
2012}) {However, Black gets sufficient compensation for the pawn anyway.} 10...
Qa5 11. Bc4 (11. Rc1 Bd7 12. Be2 (12. Nb3 Nxb3 13. Qxb3 Rac8 $44) 12... Ne4 13.
Qb3 $6 Rac8 14. O-O Nd2 15. Qxb7 Bxd4 16. exd4 Rc7 17. Qa6 Qxa6 18. Bxa6 Nxf1
19. Kxf1 Rb8 $17 {0-1 (41) Akobian,V (2622)-Giri,A (2720) Al Ain 2012}) (11.
Bb5 a6 12. Be2 Ne4 (12... Bd7 13. O-O Rac8 14. Rb1 Na4 15. Ne4 Bg7 16. Bf3 Rfd8
17. Qb3 Qb6 18. Qa3 $14 {1/2 (42) Kuzubov,Y (2639)-Gupta,A (2630) Dubai 2014})
13. Bf3 Nxc3 14. Qd2 Bxd4 (14... Bd7 $5 15. Qxc3 Qxc3+ 16. bxc3 Rac8 17. Kd2 b5
$44) 15. exd4 Bd7 16. Qxc3 Qb5 17. Qc5 Rac8 18. Qxb5 Bxb5 19. Kd2 Rc4 20. Ke3
Rfc8 $44 {1-0 (34) Kuzubov,Y (2667)-Codenotti,M (2374) Jerusalem 2015}) 11...
Qb4 12. Bb3 Bf5 $1 13. Nxf5 (13. O-O Bd3 14. Re1 Rfd8 $44) 13... Bxc3+ 14. bxc3
Qxc3+ 15. Ke2 gxf5 {Black has regained the pawn, and his knight is not worse
than White's bishop.} 16. Rc1 Ne4 {Attractive but hardly good.} (16... Qb4 $5
17. Rc4 Qb5) 17. f3 Qb2+ 18. Qc2 Qxc2+ $6 {[%mdl 32] It is better for Black to
keep queens on the board as White's king is more vulnerable. He had such an
opportunity here but probably overlooked it:} (18... Qg7 $1 $13) 19. Rxc2 Nd6
20. Rc7 $14 {This invasion underlines White's advantage in the endgame. Still,
it is difficult to break down Black's defence.} Rfe8 21. Kd3 a5 (21... Kg7 $5 {
[%cal Yg7f6]}) 22. a4 Rac8 (22... b5 $6 23. axb5 Nxb5 24. Rc5 Reb8 25. Ra1 Nd6
26. Bc2 Rb5 27. Rxb5 Nxb5 28. Ba4 Nd6 29. Bc6 $16) 23. Rhc1 Rxc7 24. Rxc7 {
[%mdl 4096]} f6 25. Kd4 Kf7 26. Bc4 Rb8 {[%mdl 256] Black defends passively,
and White fails to make progress.} (26... Rg8 $5 27. g3 h5 $132 {was an active
alternative.}) 27. Bb5 b6 28. Ra7 Rc8 29. Bc6 Rb8 30. Kd3 h5 31. Bd7 h4 32. Ke2
{White plans to create a passed h-pawn: Ke2-f2, g2-g3 h4xg3+ Kf2xg3. Hardly a
dangerous idea; besides, Black now finds a way to abandon passive defence.} Kg6
33. Bc6 Kf7 34. Kf2 b5 $5 35. axb5 Nxb5 36. Bxb5 {The rook endgame is drawn but
} (36. Rxa5 Nc3 $132 {[%cal Yb8b2] is satisfactory for Black, too.}) 36... Rxb5
37. d6 Ke6 $1 38. dxe7 Rb2+ 39. Kf1 Rb1+ 40. Ke2 Rb2+ 41. Kd3 Kf7 42. g3 Rxh2
43. gxh4 Rxh4 44. Rxa5 Rh5 45. Ra7 Rh1 1/2-1/2

[Event "Manhattan March Int"]
[Site "New York"]
[Date "1999.03.14"]
[Round "8"]
[White "Shliperman, Igor"]
[Black "Ady, Jonathan James"]
[Result "1-0"]
[WhiteElo "2442"]
[BlackElo "2412"]
[Annotator "Krasenkow,M"]
[PlyCount "71"]
[EventDate "1999.03.05"]
[EventType "tourn"]
[EventRounds "9"]
[EventCountry "USA"]
[EventCategory "10"]
[SourceTitle "CBM 070"]
[Source "ChessBase"]
[SourceDate "1999.06.08"]
[SourceVersion "1"]
[SourceVersionDate "1999.06.08"]
[SourceQuality "1"]

1. d4 Nf6 2. c4 g6 3. Nc3 d5 4. h4 $5 {Strangely enough, this move had not
been tried till recently.} Bg7 (4... c6 {is rather passive:} 5. e3 (5. cxd5
cxd5 6. Bf4 Bg7 7. e3 Nc6 8. h5 O-O 9. hxg6 hxg6 10. Nf3 Qb6 11. a3 Bg4 12. Na4
Qa5+ 13. b4 Qd8 14. Rc1 Rc8 15. Be2 Ne4 16. Nc5 b6 17. Nxe4 dxe4 18. Ng5 Bxe2
19. Qxe2 e5 {Bosboom,M-Sokolov,I/Open, Leeuwarden NED 1997/0-1 (38)}) 5... Bg7
6. Bd2 O-O 7. Rc1 Nbd7 $6 8. cxd5 cxd5 9. Nf3 a6 10. Qb3 e6 11. a4 Re8 12. Be2
{Kruppa,Y-Aronian,L/Anibal Open, Linares ESP 1998/1-0 (45)}) (4... dxc4 5. e4
c5 (5... e5 $5) 6. d5 b5 7. e5 b4 8. Na4 Nxd5 9. Bxc4 e6 10. Bg5 Qc7 11. Nf3
Bb7 12. h5 Rg8 13. h6 $44 {1-0 Bosboom,M-Goormachtigh,J/AKN Open 1998 (28)}) 5.
h5 Nxh5 6. cxd5 c6 $6 (6... c5 $5 {needs more practical tests} 7. dxc5 Qa5 8.
e4 Qxc5 9. Be2 Bd4 10. Bxh5 Bxf2+ 11. Kf1 Bxg1 12. Rxg1 gxh5 13. Qxh5 Nd7 14.
Qe2 b6 15. Be3 Qa5 16. Nb5 Nf6 $5 17. d6 Bd7 18. Nc7+ Kd8 19. Bd4 Qg5 20. e5
Rc8 $13 {Sulyok,S-Nemeth,A/HUN-chT2 1994/1/2-1/2 (51)}) 7. e4 cxd5 8. e5 $1 {
this is the point of White's concept: the g7 bishop and h5 knight are out of
play} Bf8 (8... f6 9. g4 fxe5 10. dxe5 (10. gxh5 exd4) 10... d4 11. Nb5 $16) 9.
g4 Ng7 10. Bg2 e6 11. Bh6 $16 Nc6 12. Nge2 Bd7 13. Qd2 f6 (13... Qa5 14. Qf4 {
preventing 13...0-0-0}) 14. exf6 Qxf6 15. Rh3 {The black king has no chance to
survive in the centre.} Bb4 16. Rf3 Qe7 17. Bg5 Qd6 18. a3 Bxc3 19. Nxc3 Na5
20. Qe2 Rf8 21. Nxd5 Rxf3 22. Bxf3 Kf7 23. Nf6 Nb3 24. Rd1 Rc8 25. Bxb7 Rc7 26.
Qf3 Nxd4 27. Rxd4 Qxd4 28. Nd5+ Nf5 29. Nxc7 Qe5+ 30. Kf1 Qxc7 31. gxf5 gxf5
32. Bf4 Qc4+ 33. Kg1 Bb5 34. Be5 Qf1+ 35. Kh2 Be2 36. Qg2 {So, is 4.h4 going
to become popular?} 1-0

[Event "NED-ch59"]
[Site "Leeuwarden"]
[Date "2004.07.05"]
[Round "5"]
[White "Sokolov, Ivan"]
[Black "Nijboer, Friso"]
[Result "1-0"]
[WhiteElo "2690"]
[BlackElo "2578"]
[Annotator "Krasenkow,M"]
[PlyCount "67"]
[EventDate "2004.06.30"]
[EventType "tourn"]
[EventRounds "9"]
[EventCountry "NED"]
[EventCategory "12"]
[SourceTitle "CBM 102"]
[Source "ChessBase"]
[SourceDate "2004.09.23"]
[SourceVersion "1"]
[SourceVersionDate "2004.09.23"]
[SourceQuality "1"]

1. d4 Nf6 2. c4 g6 3. Nc3 d5 4. Bg5 Ne4 5. Bh4 Nxc3 6. bxc3 Bg7 7. cxd5 Qxd5 8.
e3 c5 9. Qf3 (9. Nf3 {-D91}) 9... Qd8 {This is the correct reply to White's
ninth move.} 10. Bc4 O-O 11. Ne2 cxd4 {An important move! White must now take
with the e-pawn and his hanging pawns will be rather weak.} 12. exd4 (12. cxd4
$6 Qa5+) 12... Qc7 {A useful move removing the queen from d8, preparing ...
e7-e5, and asking the white bishop to "speak out". The other options seen in
practice:} (12... Nc6 13. O-O Na5 14. Bb3 (14. Bd5 $142) 14... Bd7 15. c4 Rc8
16. Rac1 b5 17. c5 Bc6 $15 {0-1 Kamadadze,Z-Morchiashvili,B/Batumi 2002/CBM 90/
[Hecht] (53)}) (12... Nd7 13. O-O Nf6 14. h3 Qc7 15. Bb3 Bd7 16. Rac1 b5 17. c4
bxc4 18. Bxc4 Qa5 $11 {1-0 Cafolla,P-McCarthy,J/Drogheda 1999/EXT 2000 (38)})
13. Bb3 (13. Bd5 Nc6 14. O-O Bd7 15. Rfe1 e6 16. Be4 Rac8 17. Bf6 Bxf6 18. Qxf6
Qd8 19. Qf4 Kg7 $11 {1-0 Krasenkow,M-Qin Kanying/Shanghai 2000/CBM 76 (76)})
13... Nc6 14. O-O e5 (14... Na5 15. Rfe1 e6 (15... Nxb3 $6 16. axb3 Bd7 17. Ng3
e6 18. Ne4 Bc6 19. Nf6+ Kh8 20. Qh3 h5 21. Re5 Qe7 22. Nxh5 f6 23. Nxf6 {
1-0 Onat,I-Scheinwald,C/Netanya 1973/MCD (23)}) 16. Ng3 h6 17. Bf6 (17. Ne4
Nxb3 18. axb3 f5 $1) 17... Nxb3 18. Bxg7 Kxg7 19. axb3 Bd7 20. Ne4 Bc6 21. Qf6+
Kh7 22. Nd2 (22. Nc5 $5 $14) 22... Qd8 23. Qf4 Qg5 $11 {1/2-1/2 Barwinski,
D-Schmidt,W/Tarnow 1979/EXT 2003 (83)}) (14... b6 $2 15. Bg3 Qd7 16. Ba4 Bb7
17. d5 Nd4 18. Bxd7 Nxf3+ 19. gxf3 $16 {1-0 Maksimenko,A-Korsunsky,R/Leningrad
1989/TD (59)}) 15. Rad1 Na5 $146 (15... exd4 $143 16. cxd4 Bf5 17. d5 (17. g4
Be6 18. d5 Ne5 19. Qg2 Bxg4 20. f4 Qb6+ 21. Kh1 Qa6 22. Rd2 Bxe2 23. Rxe2 Nc4
$13 {0-1 Eising,J-Honfi,K/Bad Mondorf 1974/EXT 2001 (42)}) 17... Ne5 18. Qf4
Qd7 19. Ng3 $1 {[%csl Rf5]} ({but not} 19. Nd4 $2 Nd3 20. Rxd3 Bxd3 21. Rd1
Rae8 $1 $19 {0-1 Hultin,P-Budraitis,A/Vaxjo 1992/EXT 97 (28)}) 19... Nd3 (19...
Bd3 20. Rfe1 $16) 20. Qg5 h6 21. Qe7 $36) 16. Bd5 Be6 $1 {Black successfully
solves his opening problems. The weakness of the light squares in White's camp
will compensate Black's weak e6 pawn.} 17. Bxe6 fxe6 18. Qe4 Qc4 (18... Qc6 $11
) 19. f3 exd4 20. cxd4 Nc6 21. Rd2 Rac8 22. Rfd1 Bh6 (22... Kh8 $5) 23. Rb2 b6
24. Bf2 Na5 $6 {Putting the knight to the edge of the board should always be
well-considered although it was not easy to predict that it wouldn't be able
to come back into play!} (24... Rfd8 $142 $11) 25. Be3 Bg7 (25... Bxe3+ $5 26.
Qxe3 Qc6 {[%cal Ra5c4] but Black understandably doesn't want to exchange the
bishops.}) 26. Nf4 e5 $5 {Careful play is already needed.} ({For instance,
after} 26... Rfe8 27. Rc1 {Black must give up his queen:} Qxc1+ (27... Qa6 $143
28. Rbc2 $16 {[%csl Ra5,Ra6,Re6] - a vivid consequence of 24...Na5!}) 28. Bxc1
Rxc1+ 29. Kf2 Nc6 30. Ne2 Rc4 31. Rd2 $14) (26... Qc6 $5 27. d5 $1 (27. Nxe6 $2
Rfe8) 27... exd5 28. Nxd5 {[%csl Gd5]} Rce8 $1 29. Ne7+ Rxe7 30. Qxe7 Bf6 $8 (
30... Bxb2 $2 31. Rd7) 31. Qb4 Bxb2 32. Qxb2 Nc4 33. Qc3 $14 {[%csl Rg8]}) 27.
Nd5 Rcd8 (27... Rfe8 28. Rc1 Qxc1+ 29. Bxc1 Rxc1+ 30. Kf2 Nc4 31. Re2 $16) (
27... exd4 $5 28. Ne7+ Kh8 29. Rxd4 $5 (29. Nxc8 $2 dxe3 $1) 29... Qc3 $1 30.
Rb1 {[%cal Yb1c1]} Rc4 $1 $13) 28. Ne7+ Kh8 29. Rc2 Qf7 $6 {Only now, after
this move, Black gets into a real trouble.} (29... Qe6 $142 {with a good
position:} 30. Rc7 (30. Nc6 Nxc6 31. d5 Rxd5 $1 32. Rxd5 Nb4) (30. Bg5 Bf6 31.
Bxf6+ Rxf6 32. Rc7 Rf4) 30... Qd6 31. Rxa7 exd4 $13) 30. Rc7 Bf6 $2 {Keeping
the material balance was already impossible for Black but} (30... Rfe8 {
was relatively better, e.g.} 31. Qh4 Nc4 (31... g5 $5 32. Bxg5 (32. Qxg5 Bf6
33. Nf5 $1 Bxg5 34. Rxf7 Bxe3+ 35. Nxe3 exd4 36. Nf5 d3 $132) 32... Rxd4 33.
Rxd4 exd4 34. Rxa7 Nc4 35. Qe4 $16) 32. Nxg6+ Qxg6 33. Rxc4 b5 34. Rb4 Rd5 $16)
31. Rxa7 $1 {[%cal Re7c6]} exd4 (31... Rfe8 32. Nc6 Rd7 33. Rxd7 Qxd7 34. Nxa5
exd4 35. Qd3 bxa5 36. Bxd4 Qxd4+ 37. Qxd4 Bxd4+ 38. Rxd4 $18 {_|_}) 32. Bxd4
Qg7 $2 {losing at once.} (32... Bxd4+ $142 33. Rxd4 Rxd4 34. Qxd4+ Qf6 {
Of course, Black should lose after all.}) {[%tqu "En","Find a win for White",
"","","e7g6","",10]} 33. Nxg6+ $1 {[%mdl 64]} hxg6 (33... Qxg6 34. Bxf6+ $18)
34. Rxg7 1-0

[Event "Taiyuan schev"]
[Site "Taiyuan"]
[Date "2006.07.17"]
[Round "7"]
[White "Wang, Yue"]
[Black "Berkes, Ferenc"]
[Result "1/2-1/2"]
[WhiteElo "2626"]
[BlackElo "2601"]
[Annotator "Krasenkow,M"]
[PlyCount "60"]
[EventDate "2006.07.10"]
[EventType "schev"]
[EventRounds "12"]
[EventCountry "CHN"]
[SourceTitle "CBM 114"]
[Source "ChessBase"]
[SourceDate "2006.10.02"]
[SourceVersion "1"]
[SourceVersionDate "2006.10.02"]
[SourceQuality "1"]

1. d4 Nf6 2. c4 g6 3. Nc3 d5 4. Bg5 Bg7 5. Bxf6 Bxf6 6. cxd5 c6 7. Rc1 O-O 8.
dxc6 Qxd4 $1 $146 {[%mdl 8] An important novelty, which apparently solves
Black's problems. It's idea is to avoid the exchange of his dark-squared
bishop.} (8... Bxd4 9. c7 $1 Bxc3+ 10. Rxc3 Qxd1+ 11. Kxd1 {was examined in
CBM 110, annotations to Jobava-Miton.}) 9. Qxd4 (9. c7 Qxd1+ 10. Kxd1 Nc6 $44)
9... Bxd4 10. c7 (10. cxb7 {gives Black an excellent compensation for the pawn,
of course.}) 10... Nc6 11. Nf3 Bb6 $1 {The point!} 12. e3 (12. Nd5 $6 Ba5+ 13.
Kd1 e6 (13... Be6 14. e4 Rac8) 14. b4 Nxb4 15. Nxb4 Bxb4 {and the c7 pawn will
not survive long}) 12... Bxc7 $15 {/= Black must now play accurately to
equalize as Black's bishop pair can become powerful.} 13. Bb5 Ne5 14. Nd4 Rd8
15. O-O Bb6 16. Rfd1 Bg4 17. f3 Bd7 18. Bxd7 Rxd7 19. Na4 Bxd4 20. Rxd4 Rad8
21. Rxd7 Rxd7 22. Rc2 h5 23. b3 e6 24. Nb2 Kg7 25. Kf2 g5 26. Ke2 Kf6 27. Nd1
Nd3 28. a3 Kg6 29. Rc3 Ne5 30. Nf2 a6 1/2-1/2